[Event "Montreal op"]
[Site "Montreal"]
[Date "2001.??.??"]
[Round "2"]
[White "Mikanovic, Goran"]
[Black "Fortier, Marc Andre"]
[Result "1-0"]
[WhiteElo "2339"]
[BlackElo "2121"]
[PlyCount "102"]
[EventDate "2001.??.??"]
[EventType "swiss"]
[EventRounds "6"]
[EventCountry "CAN"]
[SourceTitle "EXT 2003"]
[Source "ChessBase"]
[SourceDate "2002.11.25"]
[SourceVersion "1"]
[SourceVersionDate "2002.11.25"]
[SourceQuality "1"]

1. d4 Nf6 2. c4 g6 3. Nc3 Bg7 4. e4 d6 5. Nf3 0-0 6. Be2 e5 7. 0-0 Nc6 8. d5 Ne7 9. b4 Ne8 10. a4 f5 11. Ng5 c6 12. Bf3 Nc7 13. Be2 h6 14. Nf3 cxd5 15. exd5 g5 16. Bb2 Ng6 17. c5 g4 18. Ne1 h5 19. cxd6 Qxd6 20. b5 e4 21. Ba3 Qe5 22. Rc1 Rd8 23. Bc4 Be6 24. dxe6 Rxd1 25. Nxd1 Nxe6 26. Ne3 Bf8 27. Bb2 Qxb2 28. Bxe6+ Kh8 29. Rc2 Qe5 30. Bxf5 Ne7 31. Rd2 Bh6 32. N1c2 Rf8 33. Bd7 Qc3 34. Rfd1 Rd8 35. Rd4 Qc7 36. g3 Bg7 37. Rc4 Qe5 38. Bxg4 Rxd1+ 39. Bxd1 Bh6 40. Be2 Kg7 41. Bf1 Ng8 42. Bh3 Bxe3 43. Nxe3 Nf6 44. Rd4 Kf7 45. Nf5 Ng4 46. Bxg4 hxg4 47. Rxe4 Kg6 48. Ne3 a6 49. Rxg4+ Kf6 50. Rf4+ Kg6 51. bxa6 bxa6 1-0